000 00583nam a2200193Ia 4500
003 BUBTL
008 151213s9999 xx 000 0 und d
082 _a346.03/ J559t/ 2008
100 _aJhabvala, Noshirvan H.
_94773
245 _aThe Law of Torts :
_cNoshirvan H. Jhabvala & Yusuf Iqbal Yusuf
250 _a26th Edn
260 _aMumbai
_bC. Jamnadas & Com.
_cc2008
300 _a254p. :
_b22 cm
650 _aLaw
700 _aNoshirvan H. Jhabvala & Yusuf Iqbal Yusuf
_94774
856 _k0
_l0
_yDownload
942 _2ddc
_cBK
999 _c3434
_d3434